00348pab a2200121 454500008004000000100001600040245008200056260000900138300001300147362000800160650002400168773003400192180718b2013 xxu||||| |||| 00| 0 eng d aPande, Amba aConceptualizing Indian Diaspora: Diversities within a common identity (Notes) c2013 ap.59-65. aDec aNonresident Indians aEconomic and Political Weekly